000
00283nam a22001337a 4500
008
181010b xxu||||| |||| 00| 0 eng d
020
_a
071671843-X
041
_a
eng
080
_2
3rd
_a
575
100
_a
5
101
_a
BIO
245
_a
Biochemistry
_c
Stryer,L
942
_2
udc
_c
BK
999
_c
49314
_d
49314